Modelos reducidos de columnas de destilación complejas en simulación de procesos /
Guardado en:
| Otros Autores: | |
|---|---|
| Formato: | Manuscrito |
| Idioma: | Spanish |
| Publicado: |
1993.
|
| Materias: | |
| Etiquetas: |
Agregar Etiqueta
Sin Etiquetas, Sea el primero en etiquetar este registro!
|
| LEADER | 01076ntm a22002535a 4500 | ||
|---|---|---|---|
| 001 | EIQ.libpla003053 | ||
| 008 | 071009s1993####ag#a#####bm###000#0#spa#d | ||
| 005 | 20071009180838.0 | ||
| 245 | 1 | 0 | |a Modelos reducidos de columnas de destilación complejas en simulación de procesos / |c Adriana Cristina Ilacqua. |
| 260 | |c 1993. | ||
| 300 | |a iv, 141 p. : |b il. ; |c 21 cm. | ||
| 502 | |a Tesis (M.A.)--Universidad Nacional del Sur. Departamento de Ingeniería Química, 1993. | ||
| 500 | |a Director de tesis: Dr. Esteban A. Brignole. | ||
| 504 | |a Incluye referencias bibliográficas. | ||
| 100 | 1 | |a Ilacqua, Adriana Cristina. |4 dis | |
| 710 | 2 | |a Universidad Nacional del Sur (UNS). |b Dto. de Ingeniería Química |4 dgg. | |
| 650 | 4 | |a Procesos |x Tesis. | |
| 650 | 4 | |a Procesos |x Columnas de destilación. | |
| 650 | 4 | |a Columnas de destilación |x Modelos reducidos. | |
| 650 | 4 | |a Processes |x Thesis. | |
| 650 | 4 | |a Processes |x Columns of distillation. | |
| 650 | 4 | |a Columns of distillation. |x Reduced models. | |
| 040 | |a AR-BbSID |b spa |c AR-BbSID | ||
| 859 | |a AR-BbSID |b BIB. PLAPIQUI |h 660.281 |i Il 1 |p 4142 | ||
